Huellas de la pandemia / (Record no. 10857)
[ view plain ]
| 000 -CABECERA | |
|---|---|
| campo de control de longitud fija | 01271nam a22002897a 4500 |
| 001 - NÚMERO DE CONTROL | |
| campo de control | BRCA_9238 |
| 003 - IDENTIFICADOR DEL NÚMERO DE CONTROL | |
| campo de control | FranzMayer |
| 005 - FECHA Y HORA DE LA ÚLTIMA TRANSACCIÓN | |
| campo de control | 20220930155354.0 |
| 008 - DATOS DE LONGITUD FIJA--INFORMACIÓN GENERAL | |
| campo de control de longitud fija | 220930b |||||||| |||| 00| 0 eng d |
| 020 ## - NÚMERO INTERNACIONAL ESTÁNDAR DEL LIBRO | |
| Número Internacional Estándar del Libro | 9786072928749 |
| 040 ## - FUENTE DE LA CATALOGACIÓN | |
| Lengua de catalogación | spa |
| Centro/agencia transcriptor | MFM |
| 041 ## - CÓDIGO DE LENGUA | |
| Código de lengua del texto/banda sonora o título independiente | spa |
| 050 ## - SIGNATURA TOPOGRÁFICA DE LA BIBLIOTECA DEL CONGRESO | |
| Número de clasificación | TR820.5 |
| Número de documento/Ítem | M33 2021 |
| 100 ## - ENTRADA PRINCIPAL--NOMBRE DE PERSONA | |
| Nombre de persona | Macías, Iván |
| 9 (RLIN) | 28578 |
| 245 ## - MENCIÓN DE TÍTULO | |
| Título | Huellas de la pandemia / |
| Mención de responsabilidad, etc. | Iván Macías |
| 260 ## - PUBLICACIÓN, DISTRIBUCIÓN, ETC. | |
| Lugar de publicación, distribución, etc. | México : |
| Nombre del editor, distribuidor, etc. | Offset Santiago, |
| Fecha de publicación, distribución, etc. | 2021 |
| 300 ## - DESCRIPCIÓN FÍSICA | |
| Extensión | 190 pp. : |
| Otras características físicas | fot. ; |
| Dimensiones | 16.5 x 23 cm. |
| 508 ## - NOTA DE CRÉDITOS DE CREACIÓN O PRODUCCIÓN | |
| Nota de créditos de creación o producción | Con el apoyo de SONY |
| 508 ## - NOTA DE CRÉDITOS DE CREACIÓN O PRODUCCIÓN | |
| Nota de créditos de creación o producción | Servicios editoriales / Graciela S. Silva y Raquel Sánchez |
| 520 ## - SUMARIO, ETC. | |
| Sumario, etc. | El trabajo del fotoperiodista Iván Macías no deja espacio a la mentira, a la especulación, ni a la grilla de ningún bando político, las fotografías que nos muestra en este documento de inmenso valor son las "Huellas" que ha dejado este 2020 en el epicentro de la tragedia, los hospitales. - Proporcionado por Javier Risco |
| 600 ## - PUNTO DE ACCESO ADICIONAL DE MATERIA--NOMBRE DE PERSONA | |
| Nombre de persona | Macías, Iván |
| Subdivisión general | Fotógrafos |
| Subdivisión geográfica | México |
| 9 (RLIN) | 28579 |
| 650 ## - PUNTO DE ACCESO ADICIONAL DE MATERIA--TÉRMINO DE MATERIA | |
| Término de materia o nombre geográfico como elemento de entrada | Fotografías |
| Subdivisión general | Pandemia |
| -- | COVID-19 |
| Subdivisión cronológica | 2020 |
| Subdivisión geográfica | México |
| 9 (RLIN) | 28580 |
| 650 ## - PUNTO DE ACCESO ADICIONAL DE MATERIA--TÉRMINO DE MATERIA | |
| Término de materia o nombre geográfico como elemento de entrada | Fotografía |
| Subdivisión general | Hospitales |
| -- | Médicos |
| Subdivisión geográfica | México |
| 9 (RLIN) | 28581 |
| 700 ## - PUNTO DE ACCESO ADICIONAL--NOMBRE DE PERSONA | |
| Nombre de persona | Risco, Javier |
| Término indicativo de función/relación | prólogo |
| 9 (RLIN) | 28582 |
| 700 ## - PUNTO DE ACCESO ADICIONAL--NOMBRE DE PERSONA | |
| Nombre de persona | Solórzano, Javier |
| Término indicativo de función/relación | presentación |
| 9 (RLIN) | 28583 |
| 942 ## - ELEMENTOS DE PUNTO DE ACCESO ADICIONAL (KOHA) | |
| Fuente del sistema de clasificación o colocación | Library of Congress Classification |
| Tipo de ítem Koha | Libros |
| Estado de retiro | Estado de pérdida | Fuente del sistema de clasificación o colocación | Estado dañado | No para préstamo | Localización permanente | Ubicación/localización actual | Fecha de adquisición | Total de préstamos | Signatura topográfica completa | Código de barras | Fecha visto por última vez | Precio válido a partir de | Tipo de ítem Koha |
|---|---|---|---|---|---|---|---|---|---|---|---|---|---|
| El ejemplar forma parte de la colección y puede ser consultado según las políticas vigentes. | Library of Congress Classification | Biblioteca del Museo Franz Mayer (Rogerio Casas-Alatriste) | Biblioteca del Museo Franz Mayer (Rogerio Casas-Alatriste) | 30/09/2022 | TR820.5 M33 2021 | CONT10031 | 30/09/2022 | 30/09/2022 | Libros |